Intellectual Property Rights: Law and Practice (Record no. 1126842)

MARC details
000 -LEADER
fixed length control field 00362nam a2200133Ia 4500
008 - FIXED-LENGTH DATA ELEMENTS--GENERAL INFORMATION
fixed length control field 231229s2019 xx 000 0 und d
041 ## - LANGUAGE CODE
Language code of text/sound track or separate title eng
082 ## - DEWEY DECIMAL CLASSIFICATION NUMBER
Classification number 346.48
Item number RED
100 ## - MAIN ENTRY--PERSONAL NAME
Personal name REDDY (S.V. Damodar)
245 ## - TITLE STATEMENT
Title Intellectual Property Rights: Law and Practice
250 ## - EDITION STATEMENT
Edition statement 1st
260 ## - PUBLICATION, DISTRIBUTION, ETC.
Place of publication, distribution, etc. Hyderabad
Name of publisher, distributor, etc. Asia Law House Hyderbad
Date of publication, distribution, etc. 2019
300 ## - PHYSICAL DESCRIPTION
Extent iii, 600

No items available.